000 00870nam a2200277 i 4500
001 135242
003 ES-MaACL
005 20240126063011.0
007 t|
008 070713s1956 sp ||||1| spa d
080 _a882-31"18"
100 1 _aTolstói, Lev,
_d1828-1910
_9110489
245 1 0 _aInfancia
_b: Adolescencia ; Juventud /
_cLev Nikolaevich Tolstoï ; traducción directa del ruso y nota preliminar por Irene y Laura Andresco.
250 _a[2ª ed.].
260 _aMadrid :
_bAguilar,
_c[1956]
300 _a540 p. :
_bil. ;
_c12 cm.
490 1 _aCol. Cristol ;
_v173 bis
500 _aRet. aut.
700 1 _aAndresco, Irene.
_921625
700 1 _aAndresco, Laura.
_921626
740 0 _aAdolescencia.
740 0 _aJuventud.
830 0 _aCol. Cristol ;
_v173 bis
_9219907
852 _aES-MaACL
_jD-8525
_bR.39694
999 _c135242
_d135242